000 00803nam a22002177a 4500
008 090205t xxu||||| |||| 00| 0 eng d
010 _aENG-92863
020 _c155.00
035 _aEN-76396
037 _bDBAD / PUB
040 _adpl
_bEnglish
082 _a621.3815
100 _aLawrence, M.
245 _aApplications of analog and integrated circuits /
_cby M. Lawrence
260 _aErode
_bPallavi Pathippagam
_c2008
270 _a194, Kanna Complex, Mettur Road,
_bErode
_e11
300 _a139p.
_c21cm (pbk)
650 _aAnalog integrated circuits.
942 _2ddc
_cEN
_mLAW
_h621.3815
999 _c23038
_d23038